<?xml version="1.0" encoding="UTF-8"?>
<record
    xmlns:xsi="http://www.w3.org/2001/XMLSchema-instance"
    xsi:schemaLocation="http://www.loc.gov/MARC21/slim http://www.loc.gov/standards/marcxml/schema/MARC21slim.xsd"
    xmlns="http://www.loc.gov/MARC21/slim">

  <leader>01701nam a2200253 i 4500</leader>
  <controlfield tag="003">DO-SdBNP</controlfield>
  <controlfield tag="005">20230504142851.0</controlfield>
  <controlfield tag="006">a||||gr|||| 00| 0 </controlfield>
  <controlfield tag="007">ta</controlfield>
  <controlfield tag="008">230504e1976    dr ||||gr|||| 001 0 spa d</controlfield>
  <datafield tag="040" ind1=" " ind2=" ">
    <subfield code="a">DO-SdBNP</subfield>
    <subfield code="b">spa</subfield>
    <subfield code="c">BNPHU</subfield>
    <subfield code="e">rda</subfield>
  </datafield>
  <datafield tag="082" ind1=" " ind2="4">
    <subfield code="2">22</subfield>
    <subfield code="b">P953c</subfield>
  </datafield>
  <datafield tag="111" ind1="1" ind2=" ">
    <subfield code="a">Primer congreso Nacional de Desarrollo de la Comunidad</subfield>
    <subfield code="n">(1&#xB0; :</subfield>
    <subfield code="d">1976:</subfield>
    <subfield code="c">Santo Domingo)</subfield>
    <subfield code="9">83324</subfield>
  </datafield>
  <datafield tag="245" ind1="1" ind2="0">
    <subfield code="a">Primer congreso Nacional de desarrollo de la comunidad:</subfield>
    <subfield code="b">"el gobierno en los programas de desarrollo de la comunidad". /</subfield>
    <subfield code="c">Radhames de los Santos</subfield>
  </datafield>
  <datafield tag="264" ind1=" " ind2=" ">
    <subfield code="a">Santo Domingo :</subfield>
    <subfield code="b">Centro de Investigaci&#xF3;n, Formaci&#xF3;n y Asesor&#xED;a Social (CIFAS),</subfield>
    <subfield code="b">Cruzada de Amor,</subfield>
    <subfield code="c">1976</subfield>
  </datafield>
  <datafield tag="300" ind1=" " ind2=" ">
    <subfield code="a">[113] p&#xE1;ginas ;</subfield>
    <subfield code="c">27 cm.</subfield>
  </datafield>
  <datafield tag="336" ind1=" " ind2=" ">
    <subfield code="2">rdaconten</subfield>
    <subfield code="a">texto</subfield>
    <subfield code="b">txt</subfield>
  </datafield>
  <datafield tag="337" ind1=" " ind2=" ">
    <subfield code="2">rdamedia</subfield>
    <subfield code="a">sin medici&#xF3;n</subfield>
    <subfield code="b">n</subfield>
  </datafield>
  <datafield tag="338" ind1=" " ind2=" ">
    <subfield code="2">rdacarrier</subfield>
    <subfield code="a">volumen</subfield>
    <subfield code="b">nc</subfield>
  </datafield>
  <datafield tag="505" ind1=" " ind2=" ">
    <subfield code="a">Preambulo.</subfield>
    <subfield code="t">I.- Ponencia del Lic. Radham&#xE9;s de los Santos, Asistente del Departamento de Programaci&#xF3;n y Estudios de la O. D. G.--</subfield>
    <subfield code="t">II- Ponencia de la Lic. Quisqueya Alt. Rivas Jerez, Directora Ejecutiva del CIFAS.--</subfield>
    <subfield code="t">III- Ponencia del Lic. Lorenzo Antonio Coste, Encargado de la Secci&#xF3;n de Supervisi&#xF3;n Campesina del I. A. D.--</subfield>
    <subfield code="t">IV- Ponencia de la Sra. Calina Ogando, T&#xE9;cnico en Desarrollo Comunal, Cruzada de Amor.--</subfield>
    <subfield code="t">V- Ponencia del Sr. Manuel H. Figuereo, - T&#xE9;cnico en Desarrollo Comunal, Secretar&#xED;a de Estado de Agricultura.--</subfield>
    <subfield code="t">VI- Ponencia del Sr R&#xF3;mulo Tiburcio.-- I. D. S. S.--</subfield>
    <subfield code="t">VII -Ponencia del Sr. William Mackinny, T&#xE9;cnico en Desarrollo Comunal. Secretar&#xED;a de Estado de Agricultura.--</subfield>
    <subfield code="t">VIII - Conclusiones Generales del Congreso.</subfield>
  </datafield>
  <datafield tag="590" ind1=" " ind2=" ">
    <subfield code="a">Inventariado 2023 / MF</subfield>
  </datafield>
  <datafield tag="700" ind1="1" ind2=" ">
    <subfield code="a">Santos, Radhames, de </subfield>
    <subfield code="9">83325</subfield>
  </datafield>
  <datafield tag="942" ind1=" " ind2=" ">
    <subfield code="2">ddc</subfield>
    <subfield code="c">LBS1</subfield>
  </datafield>
  <datafield tag="952" ind1=" " ind2=" ">
    <subfield code="0">0</subfield>
    <subfield code="1">0</subfield>
    <subfield code="2">ddc</subfield>
    <subfield code="5">1</subfield>
    <subfield code="7">0</subfield>
    <subfield code="8">PD</subfield>
    <subfield code="a">BNPHU</subfield>
    <subfield code="b">BNPHU</subfield>
    <subfield code="c">CT</subfield>
    <subfield code="d">2023-05-04</subfield>
    <subfield code="l">0</subfield>
    <subfield code="o">P953c</subfield>
    <subfield code="p">2023-1599</subfield>
    <subfield code="r">2023-05-04</subfield>
    <subfield code="w">2023-05-04</subfield>
    <subfield code="y">LBS1</subfield>
  </datafield>
  <datafield tag="999" ind1=" " ind2=" ">
    <subfield code="c">53421</subfield>
    <subfield code="d">53421</subfield>
  </datafield>
</record>
